000 01365cam a22003491 4500
001 gs 43000059
003 DLC
005 20260227111349.0
008 780228s1943 msuab b 000 0 eng c
010 _ags 43000059
035 _a(OCoLC)3677830
040 _aU.S. Geol. Survey. Library
_cOT
_dOCoLC
_dDLC
042 _apremarc
050 0 0 _aQE129
_b.A2 no. 54
051 _aTN24.M7
_bA5 1943d
_cCopy 2.
082 _a552.52
110 2 _aMississippi Geological, Economic, and Topographical Survey.
245 1 0 _aPontotoc County mineral resources: Geology
_cby Richard Randall Priddy; Tests by Thomas Edwin McCutcheon.
260 _aUniversity,
_c1943.
300 _a139 p.
_billus., fold. map., tables.
_c23 cm.
490 1 _aIts Bulletin
_v54
500 _a"Prepared in cooperation with the Pontotoc County citizens and the WPA as a report on O.P. 65-1-62-137."
500 _aAt head of title: Mississippi State Geological Survey.
504 _a"References": p. 87-88.
650 0 _aMines and mineral resources
_zMississippi
_zPontotoc County.
650 0 _aGeology
_zMississippi
_zPontotoc County.
650 0 _aClay
_zMississippi
_zPontotoc County.
650 0 _aClay
_xTesting.
700 1 _aPriddy, Richard Randall.
700 1 _aMcCutcheon, Thomas Edwin.
810 2 _aMississippi Geological, Economic, and Topographical Survey.
_tBulletin
_v54.
999 _c27901
_d27901